|
|
|
|
| LEADER |
00903nam a2200229 a 4500 |
| 001 |
4397787 |
| 008 |
090618s1993 ii a 000 0ceng d |
| 010 |
|
|
|a 92043393
|
| 020 |
|
|
|a 0803991096
|
| 020 |
|
|
|a 080399110X (pbk.)
|
| 040 |
|
|
|a DLC
|c DLC
|d DLC
|
| 082 |
0 |
0 |
|a 658.4/0092/254
|2 20
|
| 100 |
1 |
|
|a Garg, Pulin K.,
|d 1927-
|
| 245 |
1 |
0 |
|a Young managers at the crossroads :
|b the Trishanku complex /
|c Pulin K. Garg, Indira J. Parikh.
|
| 260 |
|
|
|a New Delhi ;
|a Newbury :
|b Sage Publications,
|c 1993.
|
| 300 |
|
|
|a 198 p. :
|b ill. ;
|c 23 cm.
|
| 541 |
1 |
|
|e 00008501
|
| 650 |
|
0 |
|a Executives
|z India
|x Biography.
|
| 700 |
1 |
|
|a Parikh, Indira J.
|
| 852 |
4 |
|
|a Ayesha Abed Library
|j General Shelf.
|
| 999 |
|
|
|c 1816
|d 1816
|
| 952 |
|
|
|0 0
|1 0
|2 ddc
|4 0
|6 658_400922540000000_GAR
|7 0
|9 1664
|a BRACUL
|b BRACUL
|c GEN
|d 2009-06-29
|g 0.00
|l 0
|o 658.40092254 GAR
|p 3010008501
|r 2009-06-29
|t 1
|w 2009-06-29
|y BK
|x No price found in the accession register.
|